| 000 | 00843nam a22002897a 4500 | ||
|---|---|---|---|
| 003 | CHAP | ||
| 005 | 20220329140526.0 | ||
| 008 | 971013s1975 r 00010 d | ||
| 010 | _a53331 | ||
| 011 | _a54303 | ||
| 035 | _a58454 | ||
| 040 | _cCHAP | ||
| 082 |
_a530 _bW46Y |
||
| 100 | 0 | 0 |
_aWeidner, Richard T. _9121350 |
| 245 | _aFísica elemental, clásica y moderna | ||
| 260 |
_aMéxico, D.F. : _bCECSA, _c1975 |
||
| 300 |
_a946 p. _b: ilus. |
||
| 590 |
_aBATCH-UPD _b10 _c20130110 _lUCH01 _h0753 |
||
| 590 |
_aBATCH-UPD _b10 _c20130410 _lUCH01 _h0433 |
||
| 590 |
_aBATCH-UPD _b10 _c20130914 _lUCH01 _h1422 |
||
| 590 |
_aCONVERSION _b10 _c20130109 _lUCH01 _h1329 |
||
| 650 | 1 | 4 |
_aFísica. _941975 |
| 700 | 0 |
_aSells, Robert L. _9103812 |
|
| 901 | _aBK | ||
| 942 | _cLIBRO | ||
| 949 |
_a530 W46Y _bBC _cMUT _d-126857 _eMUT _h57473 _i58454 _si _t480.00 |
||
| 999 |
_c53331 _d53331 |
||